Применение комплексонов при обработке воды для паровых котлов; Экология и промышленность России; № 6

التفاصيل البيبلوغرافية
Parent link:Экология и промышленность России: ежемесячный общественный научно-технический журнал.— , 2001-
№ 6.— 2003.— С. 17-22
مؤلفون آخرون: Чаусов Ф. Ф., Раевская Г. А., Плетнёв М. А., Коптелов А. И., Таболкина Т. В., Андреев Ю. П.
اللغة:الروسية
منشور في: 2003
سلاسل:Инженерные решения
الموضوعات:
التنسيق: فصل الكتاب
KOHA link:https://koha.lib.tpu.ru/cgi-bin/koha/opac-detail.pl?biblionumber=387429

MARC

LEADER 00000naa2a2200000 4500
001 387429
005 20231101063615.0
035 |a (RuTPU)RU\TPU\prd\17083 
090 |a 387429 
100 |a 20030908a2003 k y0rusy50 ca 
101 0 |a rus 
102 |a RU 
200 1 |a Применение комплексонов при обработке воды для паровых котлов  |f Ф. Ф. Чаусов, Г. А. Раевская, М. А. Плетнёв и др. 
225 1 |a Инженерные решения 
320 |a Библиогр.: 6 назв. 
461 1 |0 (RuTPU)RU\TPU\prd\1141  |t Экология и промышленность России  |o ежемесячный общественный научно-технический журнал  |d 2001- 
463 1 |0 (RuTPU)RU\TPU\prd\16451  |t № 6  |v С. 17-22  |d 2003 
610 1 |a комплексоны 
610 1 |a вода 
610 1 |a обработка 
610 1 |a паровые котлы 
610 1 |a теплоэнергетика 
701 1 |a Чаусов  |b Ф. Ф. 
701 1 |a Раевская  |b Г. А. 
701 1 |a Плетнёв  |b М. А. 
701 1 |a Коптелов  |b А. И. 
701 1 |a Таболкина  |b Т. В. 
701 1 |a Андреев  |b Ю. П. 
801 1 |a RU  |b 63413507  |c 20030908  |g PSBO 
942 |c BK